|
|
|
|
| LEADER |
00000cam a2200000 i 4500 |
| 003 |
Ucuenca |
| 005 |
20230321065445.0 |
| 006 |
a||||gr|||| 001 || |
| 007 |
ta |
| 008 |
998040s1997 ec gr |||1|||spa a |
| 020 |
|
|
|a 9978-40-124-5
|
| 040 |
|
|
|b spa
|a UCuenca-cdrjbv
|c UCuenca
|e rda
|
| 041 |
0 |
|
|a spa
|
| 082 |
0 |
|
|2 22
|a 305.4
|c 102761
|
| 100 |
1 |
|
|a Larrea, Martha Victoria
|9 42998
|e autor
|
| 245 |
0 |
0 |
|a Movimiento femenino /
|c Martha Victoria Larrea.
|
| 250 |
|
|
|a Primera edición.
|
| 264 |
|
1 |
|a Ibarra:
|b [Editor no identificado],
|c 1997.
|
| 300 |
|
|
|a 168 páginas:
|b ilu
|c 21 cm
|
| 336 |
|
|
|2 rdacontent
|a texto
|b txt
|
| 337 |
|
|
|2 rdamedia
|a no mediado
|b n
|
| 338 |
|
|
|2 rdacarrier
|a volumen
|b nc
|
| 504 |
|
|
|a incl. ref.
|
| 505 |
1 |
|
|a Manifestaciones de inconformidad de las mujeres -- Las Naciones Unidas y su acción frente a los derechos de la mujer -- ONGs, foros, Naciones Unidas y movimiento femenino -- Naciones Unidas y conferencias mundiales -- Conferencia Mundial sobre la Mujer 1995 -- Foro Nacional Permanente de la Mujer Ecuatoriana -- Participación política de la mujer en el Ecuador-elecciones 1996
|
| 650 |
1 |
7 |
|a Mujeres
|9 1160
|
| 650 |
1 |
7 |
|2 UCuenca-cdrjbv
|a Movimiento feminista
|9 48769
|
| 650 |
1 |
0 |
|a Derechos humanos
|9 2189
|
| 651 |
|
|
|2 UCuenca-cdrjbv
|
| 852 |
|
|
|a UC-CDJBV
|f Compra
|l 1
|m General
|p 19980403
|q 30000,00
|r 2
|t 102761
|b 0
|d CDRC
|e CDRC
|g 305.4 PRIMER PISO
|z 1998-80-40
|
| 942 |
|
|
|c BK
|2 ddc
|r ximena.carrasco@ucuenca.edu.ec
|0 2
|
| 999 |
|
|
|c 23275
|d 23275
|